Services Marketing and Management (Record no. 2850)
[ view plain ]
| 000 -LEADER | |
|---|---|
| fixed length control field | 00318nam a2200133Ia 4500 |
| 008 - FIXED-LENGTH DATA ELEMENTS--GENERAL INFORMATION | |
| fixed length control field | 191201s2006 xx 000 0 und d |
| 100 ## - MAIN ENTRY--PERSONAL NAME | |
| Personal name | BALAJI, B |
| 245 #0 - TITLE STATEMENT | |
| Title | Services Marketing and Management |
| 250 ## - EDITION STATEMENT | |
| Edition statement | 2nd |
| 260 ## - PUBLICATION, DISTRIBUTION, ETC. (IMPRINT) | |
| Place of publication, distribution, etc | N.Delhi |
| Name of publisher, distributor, etc | S Chand and Co. Ltd. |
| Date of publication, distribution, etc | 2006 |
| 300 ## - PHYSICAL DESCRIPTION | |
| Extent | 436 |
| 650 ## - SUBJECT ADDED ENTRY--TOPICAL TERM | |
| Topical term or geographic name as entry element | MBA |
| 942 ## - ADDED ENTRY ELEMENTS (KOHA) | |
| Source of classification or shelving scheme | Dewey Decimal Classification |
| Koha item type | Text Books |
| Withdrawn status | Lost status | Source of classification or shelving scheme | Damaged status | Not for loan | Collection code | Home library | Current library | Date acquired | Source of acquisition | Cost, normal purchase price | Bill Number | Total Checkouts | Full call number | Acc. no. / Barcode | Date last seen | Date last borrowed | Bill Date | Koha item type | Checked out |
|---|---|---|---|---|---|---|---|---|---|---|---|---|---|---|---|---|---|---|---|
| Dewey Decimal Classification | MBA | PIET C-LIBRARY | PIET C-LIBRARY | 18/08/2007 | J B C, New Delhi | 235.00 | 703 | 1 | 658.8 BAS | 6357 | 11/05/2022 | 26/04/2022 | 28/07/2007 | Text Books | |||||
| Dewey Decimal Classification | MBA | PIET C-LIBRARY | PIET C-LIBRARY | 18/08/2007 | J B C, New Delhi | 235.00 | 703 | 658.8 BAS | 6358 | 04/12/2019 | 28/07/2007 | Text Books | |||||||
| Dewey Decimal Classification | MBA | PIET C-LIBRARY | PIET C-LIBRARY | 18/08/2007 | J B C, New Delhi | 235.00 | 703 | 1 | 6359 | 26/10/2020 | 26/10/2020 | 28/07/2007 | Text Books | 09/11/2020 | |||||
| Dewey Decimal Classification | MBA | PIET C-LIBRARY | PIET C-LIBRARY | 18/08/2007 | J B C, New Delhi | 235.00 | 703 | 658.8 BAS | 6360 | 04/12/2019 | 28/07/2007 | Text Books |